Statistics for Major British Cities

Click here to take the quiz!

General Stats

  • This quiz has been taken 39 times
  • The average score is 6 of 8

Answer Stats

HintAnswer% Correct
Largest City In ScotlandGlasgow
100%
Largest City in the UKLondon
100%
The Beatles were from this cityLiverpool
88%
The symbol of this city is the ‘Worker Bee’Manchester
88%
Someone from here is known as a ‘Brummie’Birmingham
85%
The Clifton Suspension Bridge is located in this cityBristol
59%
This City has the world’s oldest Football Club and GroundSheffield
53%
The first Steam Locomotive was made in this cityLeeds
35%

Score Distribution

Percentile by Number Answered

Percent of People with Each Score

Your Score History

You have not taken this quiz